Synonimy #1 - Statystyki

Ogólne statystyki
  • Ten quiz został rozwiązany 74 razy
  • Średni wynik to 29 z 45
Statystyki odpowiedzi
Zagadnienie Komórka Select % Poprawnych
Budować Szukać Nie
97%
Budować Tłumaczyć Nie
95%
Wspierać Malować Nie
94%
Budować Organizować Nie
91%
Wspierać Podbijać Nie
89%
Rozumieć Tłumaczyć Nie
89%
Myć podpowiadać Nie
86%
Myć Pytać Nie
86%
Budować Rozkręcać Nie
86%
Robić Synchronizować Nie
86%
Robić Szukać Nie
86%
Robić Myśleć Nie
85%
Rozumieć Odberać Nie
85%
Myć Suszyć Nie
85%
Myć Szkicoać Nie
85%
Robić Zarabiać Nie
83%
Budować Konstruować Tak
78%
Wspierać Pomagać Tak
77%
Rozumieć Kumać Tak
75%
Robić Wykonywać Tak
75%
Wspierać Wspomagać Tak
74%
Robić Czynić Tak
71%
Wspierać Sponsorować Nie
71%
Myć Szorować Tak
63%
Wspierać Umacniać Nie
63%
Myć Przemywać Tak
60%
Rozumieć Kapować Tak
55%
Budować Wznosić Tak
54%
Budować Murować Tak
51%
Myć Pucoać Tak
48%
Myć Picować Tak
46%
Robić Pracować Tak
46%
Myć Szczotkować Tak
46%
Wspierać Dopomagać Tak
42%
Rozumieć Kojarzyć Tak
42%
Budować Montować Tak
40%
Wspierać Podpierać Tak
37%
Budować Stwarzać Nie
37%
Rozumieć Wiedzieć Nie
37%
Robić Sporządzać Tak
34%
Rozumieć Nadążać Tak
31%
Rozumieć Chwytać Tak
29%
Rozumieć Świtać Tak
29%
Wspierać Wzmacniać Tak
29%
Robić Powodować Tak
12%
Nie znaleziono quizów pasujących do podanych kryteriów
Rozkład punktacji
Procent ludzi z każdym wynikiem
Percentyl według liczby udzielonych odpowiedzi
Twoja historia wyników
Nie rozwiązałeś tego quizu